| 000 | 00735cab a2200241 4500 | ||
|---|---|---|---|
| 001 | ABS52628 | ||
| 008 | 090401t1995 xxu||||| |||| 00| 0 eng d | ||
| 035 | _a(Sirsi) u87267 | ||
| 041 | _aeng | ||
| 245 | _aAlternative land use | ||
| 260 | _c1995 | ||
| 350 | _a0 | ||
| 490 |
_aFarm Development Review _v9(3) January 1995, 1-8 (LOAN) |
||
| 520 | _aFarm accommodation charges, wine growing and the vineyard market, Rural Development Commission loans and the Agricultural Tenancies Bill. | ||
| 650 | _aFARM ACCOMMODATION | ||
| 650 | _aFARM DIVERSIFICATION | ||
| 650 | _aRURAL DEVELOPMENT COMMISSION | ||
| 650 | _aVINEYARD MARKET | ||
| 650 | _aWINE GROWING | ||
| 690 | _aRURAL PRACTICE | ||
| 942 | _n0 | ||
| 948 | _c04/03/1997 | ||
| 999 |
_c55034 _d55034 |
||